ბათუმის შოთა რუსთაველის სახელმწიფო უნივერსიტეტის ბიბლიოთეკა

საქართველოს უახლესი ისტორია : (ბიბ.ჩანაწერი № 58651)

000 -ლიდერი
ფიქსირებული სიგრძის საკონტროლო ველი 01030nam a22002057a 4500
003 - საკონტროლო ნომრის იდენტიფიკატორი
საკონტროლო ველი Ge_BSU
005 - ბოლო ოპერაციის თარიღი და დრო
საკონტროლო ველი 20220622095842.0
008 - ფიქსირებული სიგრძის მონაცემთა ელემენტები - ზოგადი ინფორმაცია
ფიქსირებული სიგრძის საკონტროლო ველი 220622s2021 ge ||||| |||| 00| 0 geo d
020 ## - წიგნის საერთაშორისო სტანდარტული ნომერი
International Standard Book Number 9789941340185
041 ## - ენის კოდი
Language code of text/sound track or separate title geo
080 ## - უნივერსალური ათობითი კლასიფიკაციის ინდექსი
Universal Decimal Classification number 94(479.22)''1917-2012'' შ-59
100 ## - მთავარი ჩანაწერი - პიროვნების სახელი
Personal name შველიძე, დიმიტრი
9 (RLIN) 14195
245 ## - ცნობა სათაურის შესახებ
Title საქართველოს უახლესი ისტორია :
Remainder of title 1917-2012 /
Statement of responsibility, etc დიმიტრი შველიძე; რედაქტორი ნიკო ჯავახიშვილი.
264 ## - წარმოების, გამოცემის, დისტრიბუციის და სხვა ცნობები
გამოცემის, წარმოების, დისტრიბუციის... ადგილი თბილისი :
გამოცემის, წარმოების, დისტრიბუციის... სახელწოდება მერიდიანი,
გამოცემის, წარმოების, დისტრიბუციის... თარიღი 2021.
300 ## - ფიზიკური აღწერა
Extent 424 გვ;
Other physical details 20 სმ.
653 ## - INDEX TERM--UNCONTROLLED
Uncontrolled term საქართველოს უახლესი ისტორია
700 ## - ADDED ENTRY--PERSONAL NAME
Personal name ჯავახიშვილი, ნიკო
Relator term რედაქტორი
9 (RLIN) 3484
856 ## - ELECTRONIC LOCATION AND ACCESS
Uniform Resource Identifier https://digitallibrary.tsu.ge/book/2022/Mar/books/shvelidze-sakartvelos-uaxlesi-istoria.pdf
Link text ელ. ვერსია. pdf
942 ## - ADDED ENTRY ELEMENTS (KOHA)
Source of classification or shelving scheme
Koha item type წიგნი
ეგზემპლარები
ჩამოწერის სტატუსი დაკარგული ეგზემპლარის სტატუსი კლასიფიკაციის წყარო ან თაროზე გაწყობის სქემა დაზიანების სტატუსი არ გაიცემა მუდმივი მდებარეობა (დაცვის ადგილი) ამჟამინდელი ადგილსამყოფელი თაროზე განთავსების ადგილი შეძენის თარიღი ღირებულება, შესყიდვის ნორმალური ფასი სრული შენახვის შიფრი შტრიხკოდი ბოლო ოპერაციის თარიღი ეგზემპლარის მიმდევრობითი ნომერი (კეტერი?) ფასის ძალაში შესვლის თარიღი ეგზემპლარის სახეობა საჯარო შენიშვნა
          ბათუმის შოთა რუსთაველის სახელმწიფო უნივერსიტეტის მთავარი ბიბლიოთეკა ბათუმის შოთა რუსთაველის სახელმწიფო უნივერსიტეტის მთავარი ბიბლიოთეკა წიგნსაცავი 2022-06-22 27.10 94(479.22)''1917-2012'' შ-59 62802 2022-06-22 62802 2022-06-22 წიგნი 27 ლ. 10 თ.
          ბათუმის შოთა რუსთაველის სახელმწიფო უნივერსიტეტის მთავარი ბიბლიოთეკა ბათუმის შოთა რუსთაველის სახელმწიფო უნივერსიტეტის მთავარი ბიბლიოთეკა წიგნსაცავი 2022-06-22 27.10 94(479.22)''1917-2012'' შ-59 62803 2022-06-22 62803 2022-06-22 წიგნი 27 ლ. 10 თ.
          ბათუმის შოთა რუსთაველის სახელმწიფო უნივერსიტეტის მთავარი ბიბლიოთეკა ბათუმის შოთა რუსთაველის სახელმწიფო უნივერსიტეტის მთავარი ბიბლიოთეკა წიგნსაცავი 2022-06-22 27.10 94(479.22)''1917-2012'' შ-59 62804 2022-06-22 62804 2022-06-22 წიგნი 27 ლ. 10 თ.
          ბათუმის შოთა რუსთაველის სახელმწიფო უნივერსიტეტის მთავარი ბიბლიოთეკა ბათუმის შოთა რუსთაველის სახელმწიფო უნივერსიტეტის მთავარი ბიბლიოთეკა წიგნსაცავი 2022-06-22 27.10 94(479.22)''1917-2012'' შ-59 62805 2022-06-22 62805 2022-06-22 წიგნი 27 ლ. 10 თ.
          ბათუმის შოთა რუსთაველის სახელმწიფო უნივერსიტეტის მთავარი ბიბლიოთეკა ბათუმის შოთა რუსთაველის სახელმწიფო უნივერსიტეტის მთავარი ბიბლიოთეკა წიგნსაცავი 2022-06-22 27.10 94(479.22)''1917-2012'' შ-59 62806 2022-06-22 62806 2022-06-22 წიგნი 27 ლ. 10 თ.